Medzinárodné a regionálne vzťahy severských krajín dizertačná práca

Guardado en:
Detalles Bibliográficos
Autor principal: Tánczosová, Jana
Autor Corporativo: Obchodná fakulta EU. Katedra medzinárodného obchodu
Otros Autores: Gavaľová, Viera
Formato: Libro
Lenguaje:eslovaco
Publicado: Bratislava 2016
Materias:
Etiquetas: Agregar Etiqueta
Sin Etiquetas, Sea el primero en etiquetar este registro!

MARC

LEADER 00000nbm a2200000 4500
001 0220363
005 20230227103038.3
041 0 |a slo 
044 |a SK 
245 1 0 |a Medzinárodné a regionálne vzťahy severských krajín  |b dizertačná práca  |c Jana Tánczosová ; školiteľ: Viera Gavaľová 
264 1 |a Bratislava  |c 2016 
300 |a 139 s. 
610 2 0 |a vzťahy medzinárodné 
610 2 0 |a integrácia ekonomická medzinárodná 
610 2 0 |a spolupráca hospodárska medzinárodná 
610 2 0 |a Európska únia 
610 2 0 |a Európske spoločenstvá 
610 2 0 |a Nórsko 
610 2 0 |a Dánsko 
610 2 0 |a Švédsko 
610 2 0 |a Island 
610 2 0 |a Fínsko 
610 2 0 |a obchod 
100 1 |a Tánczosová, Jana 
700 1 |a Gavaľová, Viera 
710 2 |a Obchodná fakulta EU. Katedra medzinárodného obchodu